000 00485nam a2200181Ia 4500
999 _c27308
_d27308
003 OSt
005 20201203122556.0
008 190216s9999||||xx |||||||||||||| ||und||
020 _a8171300480
040 _coclc
082 _a894.8123
_bMUK/D
100 _aMukundan, M
_96509
245 0 _aDelhi /
_cM Mukundan
260 _bDc Books,
_aKottayam:
_c1996.
300 _a234p
650 _aMalayalam Novel
942 _cBK
_2ddc
_h894.8123
_iMUK/D
_k894.8123
_mMUK/D